[Event "Fagernes GM Swiss 2020"]
[Site "Fagernes"]
[Date "2020.10.05"]
[Round "2.1"]
[White "Abdrlauf, Elham"]
[Black "Agdestein, Simen"]
[Result "0-1"]
[WhiteElo "2362"]
[BlackElo "2552"]
[Annotator "TA"]
[PlyCount "62"]
[EventDate "2020.10.04"]
[EventType "swiss"]
[EventCountry "NOR"]
[SourceTitle "playchess.com"]
[Source "ChessBase"]
[SourceQuality "1"]

{[%evp 10,62,0,0,0,0,-20,0,-18,-29,-18,-39,-19,-31,-18,-16,-13,-20,-7,-77,-91,-149,-96,-317,-317,-387,-396,-416,-412,-557,-535,-560,-558,-518,-524,-571,-568,-566,-539,-569,-566,-545,-559,-1211,-1229,-1223,-1210,-1202,-1150,-1272,-1309,-1325,-1320,-1783,-1782]} 1. e4 e5 2. Nc3 Nf6 3. Bc4 Nxe4 4. Qh5 Nd6 5. Bb3 Be7 6. Qxe5 O-O $1 {C27: Vienna Game: 2...Nf6 3 Bc4 Nxe4.} 7. d4 Nc6 8. Qf4 Na5 {The position is equal.} 9. Bd5 c6 10. Bf3 {[#]} b5 $146 {[%cal Bb7b5,Bb5b4][%mdl 32]} ({Predecessor:} 10... Ne8 11. Nge2 d5 12. b3 Bd6 13. Qd2 b6 14. Bb2 Bf5 15. O-O-O Nf6 16. Ng3 Bg6 {0-1 (27) Skliarov,V (2436)-Sivuk,V (2554) Lvov 2016}) 11. a3 Ndc4 $36 {[%mdl 2048] Black has the initiative.} 12. b3 Bd6 13. Qf5 {[#]} Nxa3 $1 {[%mdl 512] With the idea ...b4.} 14. Qd3 ({Much worse is} 14. Bxa3 Bxa3 15. Nge2 (15. Rxa3 $2 d5 $19) 15... d5 $17) ({Wrong is} 14. Rxa3 $2 Qe7+ 15. Nge2 (15. Be4 $2 g6 $19) 15... Bxa3 $19) (14. Nge2 $11 {remains equal.}) (14. Rxa3 Qe7+) 14... b4 $17 {White must now prevent ...Ba6!} 15. Ne4 {[#]} ({White should play} 15. Bxa3 bxa3 16. Nge2) 15... Be7 (15... Ba6 $142 $1 {[%mdl 512]} 16. Qxa6 Nxc2+ {[%mdl 64] Double Attack} 17. Kf1 Nxa1 18. Nxd6 N5xb3) 16. c4 $2 {This move loses the game for White.} (16. Ng3 $17 {was worth a try.}) 16... d5 $19 17. cxd5 cxd5 18. Nc5 Bxc5 19. dxc5 Qf6 {Black is clearly winning.} 20. Ra2 Bf5 21. Qd1 {intending Ne2.} Qc3+ 22. Bd2 Qxc5 23. Ne2 Nc2+ 24. Kf1 Nxb3 25. g4 Bg6 26. Nf4 Nxd2+ 27. Qxd2 Qc4+ {[%mdl 64] Double Attack} 28. Kg2 Qxa2 29. Nxg6 hxg6 30. h4 Rfe8 {Threatens to win with ...Ne3+!} 31. Qg5 Qb2 {Accuracy: White = 62%, Black = 94%.} 0-1

[Event "Fagernes GM Swiss 2020"]
[Site "Fagernes"]
[Date "2020.10.05"]
[Round "2.2"]
[White "Postny, Evgeny"]
[Black "Hobber, Anders"]
[Result "1/2-1/2"]
[WhiteElo "2603"]
[BlackElo "2386"]
[Annotator "TA"]
[PlyCount "85"]
[EventDate "2020.10.04"]
[EventType "swiss"]
[EventCountry "NOR"]
[SourceTitle "playchess.com"]
[Source "ChessBase"]
[SourceQuality "1"]

{[%evp 17,85,-67,-43,-47,-41,-42,-45,-43,-31,-45,-45,-39,-33,-58,-43,-42,-11,-59,-73,-45,-34,-42,0,0,0,0,0,-86,-77,-85,-86,-86,-91,-74,-78,-143,-125,-185,-193,-228,-204,-427,-427,-637,-399,-638,-483,-758,-725,-662,-254,-252,0,0,0,0,0,-238,8,-238,0,-429,0,0,0,0,0,0,0,0]} 1. d4 d5 2. c4 c6 3. Nf3 Nf6 4. g3 g6 5. Bg2 Bg7 6. O-O O-O 7. Nc3 dxc4 8. a4 a5 9. h3 Na6 10. e4 {D78: Fianchetto Grünfeld: 6 0-0 c6.} Nb4 11. Qe2 b6 12. Rd1 {Black is slightly better.} Ba6 {[#]} 13. Ne5 $146 ({Predecessor:} 13. d5 cxd5 14. e5 Ne8 15. e6 f6 16. Nd4 Bb7 17. h4 Nd3 18. Be3 f5 19. f4 {0-1 (47) Cil,B (1729)-Taskaya,M (1892) Manavgat 2015}) 13... Ne8 14. Be3 Nd6 15. h4 Qc7 16. h5 c5 17. hxg6 hxg6 18. Ng4 cxd4 19. Bxd4 Bxd4 20. Rxd4 {And now Nh6+ would win.} Rad8 21. Rad1 Bc8 $1 22. e5 (22. Ne5 $11) 22... Nf5 $17 23. Rxc4 Rxd1+ 24. Nxd1 Qd8 25. Nc3 Be6 26. Rf4 (26. Re4 $142) 26... Qd3 27. Qe1 (27. Be4 $17 {was necessary.} Qxe2 28. Nxe2) 27... Rd8 $19 28. Be4 Qd2 29. Qa1 $2 (29. Qxd2 {was worth a try.} Rxd2 30. Bxf5 gxf5 31. Ne3) 29... Nd3 30. Bxd3 (30. Rf3 $142 Nxb2 31. Nh2) 30... Rxd3 (30... Qxd3 $2 31. Qe1 $19) 31. Ne4 (31. Nh2 $142 Nxg3 32. Rf3) 31... Qc2 32. Kh2 (32. Nc3 $142) 32... Rd1 33. Qa3 {[#]} Qb1 $2 (33... g5 $1 {[%mdl 512]} 34. Rxf5 (34. Nxg5 Bd5) 34... Qxe4 {[%mdl 64] Double Attack, Pin}) 34. Qf3 {aiming for Nc3.} Rd3 $2 {[#]} ({Black should try} 34... Qc1 $19 {Threatens to win with ...Kg7.} 35. Nc3 Rd8) 35. Nef6+ $1 $11 {[%mdl 512]} exf6 (35... Kg7 $5 36. Qa8 $8 exf6 37. Nxf6 Nh6 $11) 36. Qa8+ Kg7 37. exf6+ Kh7 {[#] Strongly threatening ...Bd5.} 38. Rxf5 $2 (38. Ne3 $1 $11 {[%mdl 512]} Rd4 (38... Nxe3 39. Rh4#) 39. Rxd4 Nxd4 40. Qf8 Nf3+ 41. Kg2 Ne1+ 42. Kh2 Nf3+ 43. Kg2 Ne1+ 44. Kh2 Nf3+) 38... Rd1 $2 (38... Rxg3 $1 $19 {( -> ...Qg1#)} 39. Kxg3 gxf5) 39. Ne3 $2 {[%mdl 8192] [#]} (39. Qf8 $1 $11 Rh1+ 40. Kg2 Qg1+ 41. Kf3 Qd1+ {[%mdl 64] Double Attack} 42. Kg2 Qg1+ 43. Kf3 Qd1+ {[%mdl 64] Double Attack} 44. Kg2 Qg1+) 39... Bxf5 $2 (39... gxf5 $2 40. Qf8 $19) (39... Qxf5 $3 $19 {[%mdl 512]} 40. Nxf5 Bd5 41. Qxd5 Rxd5) 40. Nxd1 {The position is equal.} Qxd1 41. Qf8 {[%csl Gf6][%cal Rf8g7]} Qh5+ 42. Kg1 {[%csl Gf6][%cal Rf8g7]} Qd1+ $1 43. Kh2 {Accuracy: White = 53%, Black = 82%.} 1/2-1/2

[Event "Fagernes GM Swiss 2020"]
[Site "Fagernes"]
[Date "2020.10.05"]
[Round "2.3"]
[White "Urkedal, Frode Olav Olsen"]
[Black "Ranaldi, Lucas"]
[Result "1-0"]
[WhiteElo "2549"]
[BlackElo "2334"]
[Annotator "ChessBase"]
[PlyCount "93"]
[EventDate "2020.10.04"]
[EventType "swiss"]
[EventCountry "NOR"]
[SourceTitle "playchess.com"]
[Source "ChessBase"]
[SourceQuality "1"]
[TimeControl "40/6000+30:2400+30"]

1. d4 {[%emt 0:00:00]} Nf6 {[%emt 0:00:00]} 2. c4 {[%emt 0:00:03]} e6 {[%emt 0:00:04]} 3. Nf3 {[%emt 0:00:05]} b6 {[%emt 0:00:10]} 4. g3 {[%emt 0:00:05]} Bb7 {[%emt 0:00:07]} 5. Bg2 {[%emt 0:00:04]} Bb4+ {[%emt 0:00:12]} 6. Bd2 {[%emt 0:00:19]} Bxd2+ {[%emt 0:00:06]} 7. Qxd2 {[%emt 0:00:09]} O-O {[%emt 0:00:09]} 8. Nc3 {[%emt 0:00:24]} d6 {[%emt 0:00:08]} 9. Qc2 {[%emt 0:03:46]} c5 {[%emt 0:00:15]} 10. Rd1 {[%emt 0:05:21]} cxd4 {[%emt 0:04:48]} 11. Rxd4 {[%emt 0:01:07]} Nc6 {[%emt 0:12:27]} 12. Rh4 {[%emt 0:07:29]} Ne5 {[%emt 0:12:26]} 13. O-O {[%emt 0:09:34]} Nxf3+ {[%emt 0:02:28]} 14. Bxf3 {[%emt 0:01:13]} Bxf3 {[%emt 0:00:58]} 15. exf3 {[%emt 0:00:05]} Qe7 {[%emt 0:02:01]} 16. Re1 {[%emt 0:05:17]} h6 {[%emt 0:07:01]} 17. Rd4 {[%emt 0:03:15]} Rac8 {[%emt 0:10:15]} 18. Qd3 {[%emt 0:03:06]} Rfd8 {[%emt 0:02:58]} 19. f4 {[%emt 0:10:59]} Rd7 {[%emt 0:02:18]} 20. f5 {[%emt 0:15:46]} e5 {[%emt 0:00:38]} 21. Nd5 {[%emt 0:00:58]} Nxd5 {[%emt 0:01:15]} 22. Rxd5 {[%emt 0:00:10]} Rdd8 {[%emt 0:19:28]} 23. b3 {[%emt 0:04:11]} Rc5 {[%emt 0:06:28]} 24. Rd1 {[%emt 0:05:01]} Rxd5 {[%emt 0:02:27]} 25. Qxd5 {[%emt 0:00:33]} Qd7 {[%emt 0:08:26]} 26. Qe4 {[%emt 0:02:22]} Qe7 {[%emt 0:06:07]} 27. Rd5 {[%emt 0:01:38]} Rc8 {[%emt 0:01:37]} 28. a4 {[%emt 0:01:46]} Kf8 {[%emt 0:02:45]} 29. h4 {[%emt 0:07:32]} Kg8 {[%emt 0:00:20]} 30. Rd3 {[%emt 0:03:34]} Re8 {[%emt 0:02:03]} 31. Kg2 {[%emt 0:00:39]} Rd8 {[%emt 0:00:46]} 32. Rd5 {[%emt 0:03:55]} Rc8 {[%emt 0:00:53]} 33. Qd3 {[%emt 0:01:33]} Rc6 {[%emt 0:00:25]} 34. Kg1 {[%emt 0:01:43]} Qc7 {[%emt 0:01:24]} 35. Qf3 {[%emt 0:01:34]} Qe7 {[%emt 0:00:40]} 36. a5 {[%emt 0:05:08]} bxa5 {[%emt 0:00:17]} 37. Rxa5 {[%emt 0:00:15]} Rb6 {[%emt 0:01:32]} 38. Qa8+ {[%emt 0:02:34]} Qf8 {[%emt 0:00:02]} 39. Rxa7 {[%emt 0:00:22]} Rxb3 {[%emt 0:00:49]} 40. Qd5 {[%emt 0:00:06]} Rb1+ {[%emt 0:01:23]} 41. Kg2 {[%emt 0:42:09]} Rb6 {[%emt 0:27:29]} 42. Rd7 {[%emt 0:00:00]} Ra6 {[%emt 0:00:27]} 43. c5 {[%emt 0:00:00]} Qa8 {[%emt 0:00:50]} 44. Rb7 {[%emt 0:00:00]} Kh8 {[%emt 0:05:26]} 45. c6 {[%emt 0:00:00]} Qe8 {[%emt 0:06:16]} 46. c7 {[%emt 0:00:00]} Ra5 {[%emt 0:03:15]} 47. Rb8 {[%emt 0:00:00]} 1-0

[Event "Fagernes GM Swiss 2020"]
[Site "Fagernes"]
[Date "2020.10.05"]
[Round "2.4"]
[White "Lund, Gunnar"]
[Black "Miezis, Normunds"]
[Result "1-0"]
[WhiteElo "2302"]
[BlackElo "2485"]
[Annotator "ChessBase"]
[PlyCount "125"]
[EventDate "2020.10.04"]
[EventType "swiss"]
[EventCountry "NOR"]
[SourceTitle "playchess.com"]
[Source "ChessBase"]
[SourceQuality "1"]
[TimeControl "40/6000+30:2400+30"]

1. d4 {[%emt 0:00:00]} Nf6 {[%emt 0:00:08]} 2. Bf4 {[%emt 0:00:00]} d5 {[%emt 0:02:07]} 3. e3 {[%emt 0:00:04]} g6 {[%emt 0:01:57]} 4. Nc3 {[%emt 0:01:15]} Bg7 {[%emt 0:01:55]} 5. h4 {[%emt 0:00:16]} c6 {[%emt 0:03:24]} 6. Qd2 {[%emt 0:03:16]} Nbd7 {[%emt 0:05:46]} 7. Nf3 {[%emt 0:06:25]} b5 {[%emt 0:03:59]} 8. Bd3 {[%emt 0:01:38]} b4 {[%emt 0:10:05]} 9. Ne2 {[%emt 0:03:59]} Qb6 {[%emt 0:05:01]} 10. c4 {[%emt 0:22:19]} bxc3 {[%emt 0:06:37]} 11. Nxc3 {[%emt 0:00:44]} Ba6 {[%emt 0:00:41]} 12. Bxa6 {[%emt 0:05:24]} Qxa6 {[%emt 0:00:30]} 13. Qe2 {[%emt 0:00:28]} Qb7 {[%emt 0:11:37]} 14. Ne5 {[%emt 0:13:37]} Nf8 {[%emt 0:05:57]} 15. Nd3 {[%emt 0:02:15]} N6d7 {[%emt 0:01:25]} 16. h5 {[%emt 0:08:15]} Ne6 {[%emt 0:01:52]} 17. O-O {[%emt 0:03:03]} Nxf4 {[%emt 0:04:18]} 18. Nxf4 {[%emt 0:00:16]} e5 {[%emt 0:00:32]} 19. dxe5 {[%emt 0:00:58]} Nxe5 {[%emt 0:00:18]} 20. Na4 {[%emt 0:02:51]} O-O {[%emt 0:01:58]} 21. Rac1 {[%emt 0:00:37]} Rfe8 {[%emt 0:02:18]} 22. Nc5 {[%emt 0:02:19]} Qe7 {[%emt 0:01:48]} 23. Ncd3 {[%emt 0:05:00]} Rac8 {[%emt 0:03:36]} 24. Rc2 {[%emt 0:00:25]} Qd6 {[%emt 0:06:43]} 25. Nxe5 {[%emt 0:04:52]} Bxe5 {[%emt 0:01:17]} 26. Nd3 {[%emt 0:00:59]} Bg7 {[%emt 0:06:49]} 27. Qf3 {[%emt 0:02:02]} Re4 {[%emt 0:09:55]} 28. g3 {[%emt 0:00:43]} Rb8 {[%emt 0:08:24]} 29. Rfc1 {[%emt 0:02:10]} Rb6 {[%emt 0:00:07]} 30. hxg6 {[%emt 0:02:51]} hxg6 {[%emt 0:00:27]} 31. b4 {[%emt 0:01:21]} Bf8 {[%emt 0:01:31]} 32. a3 {[%emt 0:01:12]} Qe6 {[%emt 0:01:04]} 33. Kg2 {[%emt 0:01:45]} a6 {[%emt 0:00:07]} 34. Nc5 {[%emt 0:02:44]} Bxc5 {[%emt 0:00:10]} 35. Rxc5 {[%emt 0:00:09]} Kg7 {[%emt 0:00:45]} 36. Qd1 {[%emt 0:00:28]} Qf6 {[%emt 0:00:49]} 37. Qa4 {[%emt 0:01:34]} Re6 {[%emt 0:00:41]} 38. Qa5 {[%emt 0:01:35]} Rb8 {[%emt 0:00:31]} 39. Qxa6 {[%emt 0:01:05]} Rh8 {[%emt 0:00:17]} 40. Qd3 {[%emt 0:05:08]} Rh2+ {[%emt 0:01:12]} 41. Kxh2 {[%emt 0:41:53]} Qxf2+ {[%emt 0:40:12]} 42. Kh1 {[%emt 0:00:00]} Qf3+ {[%emt 0:00:00]} 43. Kh2 {[%emt 0:00:00]} Rxe3 {[%emt 0:00:00]} 44. Qd4+ {[%emt 0:00:00]} f6 {[%emt 0:00:00]} 45. R5c2 {[%emt 0:00:00]} Qxg3+ {[%emt 0:00:00]} 46. Kh1 {[%emt 0:00:00]} Re4 {[%emt 0:00:00]} 47. Qa7+ {[%emt 0:00:00]} Kf8 {[%emt 0:00:00]} 48. Rg2 {[%emt 0:00:00]} Qf4 {[%emt 0:02:06]} 49. Qc5+ {[%emt 0:00:00]} Re7 {[%emt 0:00:46]} 50. Rh2 {[%emt 0:00:00]} Qe4+ {[%emt 0:00:40]} 51. Kg1 {[%emt 0:00:00]} d4 {[%emt 0:00:47]} 52. Qxc6 {[%emt 0:00:00]} Qe3+ {[%emt 0:00:02]} 53. Kh1 {[%emt 0:00:00]} Kg7 {[%emt 0:00:16]} 54. Rf1 {[%emt 0:00:00]} f5 {[%emt 0:00:10]} 55. Qf3 {[%emt 0:00:00]} Kf6 {[%emt 0:00:45]} 56. b5 {[%emt 0:00:00]} Qe5 {[%emt 0:00:41]} 57. b6 {[%emt 0:00:00]} Qb5 {[%emt 0:00:07]} 58. Rc1 {[%emt 0:00:12]} Re4 {[%emt 0:00:12]} 59. Rg1 {[%emt 0:06:50]} Qxb6 {[%emt 0:01:42]} 60. Rxg6+ {[%emt 0:01:25]} Kxg6 {[%emt 0:00:02]} 61. Qh5+ {[%emt 0:00:04]} Kg7 {[%emt 0:00:19]} 62. Qh8+ {[%emt 0:00:43]} Kf7 {[%emt 0:00:21]} 63. Rh7+ {[%emt 0:00:06]} 1-0

[Event "Fagernes GM Swiss 2020"]
[Site "Fagernes"]
[Date "2020.10.05"]
[Round "2.5"]
[White "Notkevich, Benjamin Arvola"]
[Black "Vitenberg, Noam Aviv"]
[Result "1/2-1/2"]
[WhiteElo "2482"]
[BlackElo "2298"]
[Annotator "ChessBase"]
[PlyCount "58"]
[EventDate "2020.10.04"]
[EventType "swiss"]
[EventCountry "NOR"]
[SourceTitle "playchess.com"]
[Source "ChessBase"]
[SourceQuality "1"]
[TimeControl "40/6000+30:2400+30"]

1. d4 {[%emt 0:01:40]} d5 {[%emt 0:00:00]} 2. c4 {[%emt 0:00:04]} e6 {[%emt 0:00:19]} 3. Nf3 {[%emt 0:00:49]} Nf6 {[%emt 0:00:31]} 4. g3 {[%emt 0:00:07]} dxc4 {[%emt 0:03:23]} 5. Bg2 {[%emt 0:00:20]} a6 {[%emt 0:00:42]} 6. O-O {[%emt 0:00:08]} Nc6 {[%emt 0:00:49]} 7. e3 {[%emt 0:00:06]} Rb8 {[%emt 0:02:45]} 8. Nfd2 {[%emt 0:00:23]} e5 {[%emt 0:00:35]} 9. Bxc6+ {[%emt 0:00:06]} bxc6 {[%emt 0:00:05]} 10. dxe5 {[%emt 0:00:04]} Ng4 {[%emt 0:00:34]} 11. Nxc4 {[%emt 0:00:09]} Be6 {[%emt 0:00:34]} 12. Nbd2 {[%emt 0:00:10]} Bb4 {[%emt 0:04:30]} 13. b3 {[%emt 0:00:26]} h5 {[%emt 0:02:09]} 14. h3 {[%emt 0:00:13]} Bc3 {[%emt 0:01:31]} 15. Ba3 {[%emt 0:00:28]} Bxa1 {[%emt 0:12:34]} 16. Qxa1 {[%emt 0:00:37]} h4 {[%emt 0:01:33]} 17. hxg4 {[%emt 0:00:30]} hxg3 {[%emt 0:00:40]} 18. Nf3 {[%emt 0:00:21]} Qd3 {[%emt 0:01:38]} 19. Ncd2 {[%emt 0:00:13]} Rd8 {[%emt 0:02:47]} 20. Qc1 {[%emt 0:02:32]} g2 {[%emt 0:07:44]} 21. Kxg2 {[%emt 0:08:21]} Bxg4 {[%emt 0:03:36]} 22. Rh1 {[%emt 0:42:30]} Bxf3+ {[%emt 0:20:38]} 23. Kxf3 {[%emt 0:00:20]} Qf5+ {[%emt 0:00:22]} 24. Ke2 {[%emt 0:01:11]} Qd3+ {[%emt 0:01:03]} 25. Kf3 {[%emt 0:00:07]} Qf5+ {[%emt 0:00:24]} 26. Ke2 {[%emt 0:00:07]} Qd3+ {[%emt 0:00:11]} 27. Kf3 {[%emt 0:00:07]} Qf5+ {[%emt 0:00:12]} 28. Ke2 {[%emt 0:00:07]} Qd3+ {[%emt 0:00:06]} 29. Kf3 {[%emt 0:00:07]} Qf5+ {[%emt 0:00:12]} 1/2-1/2

[Event "Fagernes GM Swiss 2020"]
[Site "Fagernes"]
[Date "2020.10.05"]
[Round "2.6"]
[White "Carlsson, Ludvig"]
[Black "Haug, Johannes"]
[Result "1/2-1/2"]
[WhiteElo "2281"]
[BlackElo "2481"]
[Annotator "ChessBase"]
[PlyCount "55"]
[EventDate "2020.10.04"]
[EventType "swiss"]
[EventCountry "NOR"]
[SourceTitle "playchess.com"]
[Source "ChessBase"]
[SourceQuality "1"]
[TimeControl "40/6000+30:2400+30"]

1. d4 {[%emt 0:00:00]} Nf6 {[%emt 0:00:00]} 2. Nf3 {[%emt 0:00:00]} e6 {[%emt 0:00:00]} 3. g3 {[%emt 0:00:00]} b5 {[%emt 0:04:06]} 4. e3 {[%emt 0:00:32]} a6 {[%emt 0:01:54]} 5. a4 {[%emt 0:00:28]} b4 {[%emt 0:00:42]} 6. Bg2 {[%emt 0:00:09]} Bb7 {[%emt 0:05:14]} 7. O-O {[%emt 0:00:14]} c5 {[%emt 0:00:31]} 8. c4 {[%emt 0:06:58]} bxc3 {[%emt 0:07:03]} 9. bxc3 {[%emt 0:06:30]} Nc6 {[%emt 0:06:40]} 10. Ba3 {[%emt 0:06:01]} Na5 {[%emt 0:05:07]} 11. Nbd2 {[%emt 0:06:33]} Qc7 {[%emt 0:06:45]} 12. Qe2 {[%emt 0:07:47]} Ne4 {[%emt 0:01:37]} 13. Nxe4 {[%emt 0:08:23]} Bxe4 {[%emt 0:04:58]} 14. Nd2 {[%emt 0:00:08]} Bxg2 {[%emt 0:00:24]} 15. Kxg2 {[%emt 0:00:06]} Be7 {[%emt 0:03:39]} 16. Ne4 {[%emt 0:09:56]} d6 {[%emt 0:01:46]} 17. dxc5 {[%emt 0:07:01]} dxc5 {[%emt 0:01:26]} 18. c4 {[%emt 0:09:34]} Qc6 {[%emt 0:09:08]} 19. Qf3 {[%emt 0:00:21]} O-O {[%emt 0:03:19]} 20. Nxc5 {[%emt 0:02:40]} Qxf3+ {[%emt 0:15:18]} 21. Kxf3 {[%emt 0:00:07]} Nxc4 {[%emt 0:00:05]} 22. Rfc1 {[%emt 0:00:28]} Nxa3 {[%emt 0:00:28]} 23. Rxa3 {[%emt 0:00:06]} g5 {[%emt 0:04:28]} 24. Rac3 {[%emt 0:03:07]} Rfb8 {[%emt 0:03:59]} 25. Rb3 {[%emt 0:03:21]} Rc8 {[%emt 0:03:51]} 26. Rbc3 {[%emt 0:00:37]} Rcb8 {[%emt 0:02:45]} 27. Rb3 {[%emt 0:00:44]} Rc8 {[%emt 0:00:24]} 28. Rbc3 {[%emt 0:00:08]} 1/2-1/2

[Event "Fagernes GM Swiss 2020"]
[Site "Fagernes"]
[Date "2020.10.05"]
[Round "2.7"]
[White "Haldorsen, Benjamin"]
[Black "Ingebretsen, Jens E"]
[Result "1/2-1/2"]
[WhiteElo "2469"]
[BlackElo "2220"]
[Annotator "TA"]
[PlyCount "157"]
[EventDate "2020.10.04"]
[EventType "swiss"]
[EventCountry "NOR"]
[SourceTitle "playchess.com"]
[Source "ChessBase"]
[SourceQuality "1"]

{[%evp 22,157,14,21,36,36,36,41,52,50,42,39,45,25,25,18,41,14,65,58,66,40,38,38,47,37,52,47,83,71,70,59,77,41,54,37,41,23,52,44,42,34,42,45,53,53,62,62,62,0,61,0,62,47,60,60,60,60,65,67,67,0,67,0,67,65,64,61,73,66,66,0,79,58,53,42,100,97,120,112,214,190,300,293,289,289,306,321,327,328,317,318,318,312,293,316,334,331,470,0,274,225,260,221,254,153,153,153,270,237,253,138,138,138,138,138,138,138,138,138,138,138,138,138,138,130,138,0,137,137,137,123,130,0,118,0,71,0]} 1. e4 e5 2. Nf3 Nc6 3. Bb5 a6 4. Ba4 Nf6 5. O-O Be7 6. Re1 b5 7. Bb3 d6 8. a4 Bg4 9. c3 O-O 10. h3 Bxf3 11. Qxf3 Na5 12. Bc2 {[#]} b4 $1 {[%mdl 512] C90: Closed Ruy Lopez with 7...d6: Early deviations.} 13. d4 (13. cxb4 Nc6) 13... c5 14. d5 Ne8 {[#] White is slightly better.} 15. Nd2 $146 ({Predecessor:} 15. cxb4 cxb4 16. Bd2 Bg5 17. Bxb4 Rb8 18. Qc3 Nb7 19. a5 Qe7 20. Na3 Nc7 21. Ba4 {1-0 (34) Schulz,V (2486)-Suto,J (2417) ICCF email 2003}) 15... Bg5 16. g3 g6 17. h4 Bh6 $1 18. Qe2 Ng7 19. Rb1 Nb7 (19... f5 $11) 20. Bd3 $14 a5 21. Nf3 Bxc1 22. Rbxc1 f6 23. Kg2 Qe7 24. Rh1 h5 25. Qd2 Kh7 26. Rhe1 Nd8 27. Nh2 Nf7 28. cxb4 axb4 29. b3 Qd8 30. Qc2 Ra7 31. Rf1 Nh6 32. Nf3 Ng4 33. Rce1 Kg8 34. Qd2 Kh7 35. Qc2 Kg8 $1 36. Qd2 Kh7 $1 37. Qc1 Kg8 38. Ng1 {Hoping for f3.} Kh7 $1 39. Nh3 Qe8 40. Bb5 Qe7 41. Bd3 Qe8 $1 42. Bb5 Qe7 $1 43. f3 Nh6 44. Bd3 Qe8 45. Qd2 $36 {[%mdl 2048] White has good play.} Qe7 46. Qc1 Qe8 $1 47. Qa1 Qd8 48. f4 Ng4 ({Black should try} 48... exf4 $14 49. Nxf4 Ng4) 49. Nf2 $16 Nh6 {[#] With the idea ...exf4.} 50. fxe5 $1 fxe5 (50... dxe5 $16 51. Qc1 Qd6) 51. Nh3 $18 Ng4 (51... Kg8 {might work better.} 52. Qc1 Rxf1 53. Rxf1 Nf7) 52. Qc1 Kg8 53. Ng5 Rf6 54. Be2 Rxf1 55. Rxf1 Nf6 56. Qe3 Qe7 57. Qf2 Nge8 58. Ne6 Nh7 59. Qe3 Ng7 (59... Nef6 $142 60. Qh6 Qf7) 60. Ng5 (60. Qh6 $142) 60... Nf6 $1 61. Qf3 Ng4 62. Kg1 Ne8 63. Qd3 {Threatens to win with Bxg4.} Ngf6 64. Qe3 Ng7 (64... Nc7 $16 65. Qd3 Ra8) 65. Qf3 Ng4 66. Bb5 ({Better is} 66. Qd3 $18) 66... Ne8 $16 67. Qd3 {And now Rf7 would win.} Nef6 68. Bc6 Ra5 69. Rf3 Qa7 {aiming for ...c4+.} 70. Qc4 Qe7 71. Kg2 Qa7 72. Ne6 Qe7 73. Bb5 Kh8 74. Bc6 Kg8 $1 75. Kh3 Kh8 76. Qf1 Kg8 77. Qc4 Kh8 $1 78. Qf1 Kg8 $1 79. Qc4 {Accuracy: White = 85%, Black = 83%.} (79. Kg2 $16) 1/2-1/2

[Event "Fagernes GM Swiss 2020"]
[Site "Fagernes"]
[Date "2020.10.05"]
[Round "2.8"]
[White "Nielsen, Andre"]
[Black "Holm, Kristian Stuvik"]
[Result "1/2-1/2"]
[WhiteElo "2218"]
[BlackElo "2465"]
[Annotator "ChessBase"]
[PlyCount "36"]
[EventDate "2020.10.04"]
[EventType "swiss"]
[EventCountry "NOR"]
[SourceTitle "playchess.com"]
[Source "ChessBase"]
[SourceQuality "1"]
[TimeControl "40/6000+30:2400+30"]

1. e4 {[%emt 0:00:00]} e5 {[%emt 0:02:18]} 2. Nf3 {[%emt 0:00:31]} Nc6 {[%emt 0:00:05]} 3. Bc4 {[%emt 0:00:22]} Bc5 {[%emt 0:00:18]} 4. c3 {[%emt 0:00:31]} Nf6 {[%emt 0:00:04]} 5. d3 {[%emt 0:00:27]} d6 {[%emt 0:00:25]} 6. Nbd2 {[%emt 0:01:36]} a6 {[%emt 0:00:30]} 7. Bb3 {[%emt 0:01:50]} Ba7 {[%emt 0:01:05]} 8. Nf1 {[%emt 0:06:12]} h6 {[%emt 0:14:26]} 9. Ng3 {[%emt 0:02:41]} Be6 {[%emt 0:11:07]} 10. O-O {[%emt 0:06:43]} O-O {[%emt 0:01:12]} 11. d4 {[%emt 0:23:17]} Bxb3 {[%emt 0:14:40]} 12. Qxb3 {[%emt 0:01:32]} exd4 {[%emt 0:01:43]} 13. cxd4 {[%emt 0:01:12]} Re8 {[%emt 0:07:12]} 14. d5 {[%emt 0:13:50]} Nd4 {[%emt 0:03:20]} 15. Nxd4 {[%emt 0:01:43]} Bxd4 {[%emt 0:00:04]} 16. Nf5 {[%emt 0:10:31]} Rxe4 {[%emt 0:01:20]} 17. Bxh6 {[%emt 0:02:45]} gxh6 {[%emt 0:23:20]} 18. Qg3+ {[%emt 0:02:00]} Ng4 {[%emt 0:00:20]} 1/2-1/2

[Event "Fagernes GM Swiss 2020"]
[Site "Fagernes"]
[Date "2020.10.05"]
[Round "2.9"]
[White "Starostits, Ilmars"]
[Black "Dolzhikova, Olga"]
[Result "1-0"]
[WhiteElo "2464"]
[BlackElo "2208"]
[Annotator "ChessBase"]
[PlyCount "47"]
[EventDate "2020.10.04"]
[EventType "swiss"]
[EventCountry "NOR"]
[SourceTitle "playchess.com"]
[Source "ChessBase"]
[SourceQuality "1"]
[TimeControl "40/6000+30:2400+30"]

1. d4 {[%emt 0:00:00]} b6 {[%emt 0:00:00]} 2. e4 {[%emt 0:00:00]} Bb7 {[%emt 0:00:00]} 3. Nc3 {[%emt 0:00:27]} e6 {[%emt 0:00:27]} 4. Nf3 {[%emt 0:02:30]} Bb4 {[%emt 0:05:21]} 5. Bd3 {[%emt 0:00:38]} Nf6 {[%emt 0:04:35]} 6. Qe2 {[%emt 0:04:54]} d5 {[%emt 0:08:17]} 7. e5 {[%emt 0:00:07]} Ne4 {[%emt 0:00:46]} 8. O-O {[%emt 0:00:07]} Nxc3 {[%emt 0:07:19]} 9. bxc3 {[%emt 0:00:04]} Bxc3 {[%emt 0:00:11]} 10. Rb1 {[%emt 0:00:15]} Nc6 {[%emt 0:00:46]} 11. Rd1 {[%emt 0:10:21]} a6 {[%emt 0:05:52]} 12. Qe3 {[%emt 0:01:52]} Bb4 {[%emt 0:10:11]} 13. Qf4 {[%emt 0:12:49]} Qe7 {[%emt 0:10:14]} 14. Qg3 {[%emt 0:03:53]} f5 {[%emt 0:06:17]} 15. c4 {[%emt 0:01:55]} Na5 {[%emt 0:16:34]} 16. a3 {[%emt 0:09:23]} Bxa3 {[%emt 0:04:42]} 17. Bxa3 {[%emt 0:00:13]} Qxa3 {[%emt 0:00:09]} 18. c5 {[%emt 0:01:07]} g6 {[%emt 0:10:42]} 19. Ng5 {[%emt 0:01:03]} Ke7 {[%emt 0:02:23]} 20. Nxe6 {[%emt 0:00:53]} Rac8 {[%emt 0:05:39]} 21. Qg5+ {[%emt 0:02:47]} Kxe6 {[%emt 0:04:59]} 22. Qf6+ {[%emt 0:00:05]} Kd7 {[%emt 0:00:03]} 23. Qf7+ {[%emt 0:00:06]} Kd8 {[%emt 0:00:13]} 24. e6 {[%emt 0:00:05]} 1-0